00821nam a2200181 a 4500008004100000020001800041050001400059100001900073245008700092260004900179300003500228490005900263650002600322650002800348995010100376999001700477952014500494200723s2017 ||||||||||||||||| || u a9781107630567 aBL 53 Wat aWatts, Fraser 10aPsychology, religion and spirituality : concepts and applicationscBy Fraser Watts aCambridge bCambridge University Pressc2017 axi, 211 pages : illustrations  aCambridge studies in religion, philosophy, and society aPSYCHOLOGY, RELIGIONS aPSYCHOLOGY AND RELIGION D35.23FCBU-MAIN LIBRARY (Kitwe)M1UAVAILABLEWJul 29, 2020ZMain Library Open Access Collection c55243d55243 00102lcc4070a001b001cMain Library Open Access Collectiond2022-11-30l1m1oBL 53 Watp750429r2025-06-06s2025-05-09w2022-11-30y002